000 00292nam a22001337a 4500
020 _a81-7233-189-8
041 _aENG
245 _aWater Measurement Manual
250 _aThird
260 _aJodhpur
_bA water Resources PUB
_c1997
300 _a14-40
650 _aIDE
856 _uIDE ( 05 )
999 _c330
_d330